UM Logo

Students Involvement in Extracurricular Activities And The Academic Achievements Of 2nd Year College of UMDC. (Record no. 6366)

MARC details
000 -LEADER
fixed length control field 00630nam a22001577a 4500
008 - FIXED-LENGTH DATA ELEMENTS--GENERAL INFORMATION
fixed length control field 170309b xxu||||| |||| 00| 0 eng d
082 ## - DEWEY DECIMAL CLASSIFICATION NUMBER
Edition number 2016
Classification number UT 0701
Item number R28
100 ## - MAIN ENTRY--PERSONAL NAME
9 (RLIN) 19151
Personal name Remoroza, Dahlia S.
245 ## - TITLE STATEMENT
Title Students Involvement in Extracurricular Activities And The Academic Achievements Of 2nd Year College of UMDC.
Statement of responsibility, etc. Dahlia S. Remoroza, Reah Mae C. Sarabia and Jean S. Villagracia.
300 ## - PHYSICAL DESCRIPTION
Extent 40 pages;
Other physical details 28 cm.
650 #0 - SUBJECT ADDED ENTRY--TOPICAL TERM
9 (RLIN) 19152
Topical term or geographic name as entry element Education
Form subdivision English
General subdivision Undergraduate Thesis.
700 ## - ADDED ENTRY--PERSONAL NAME
9 (RLIN) 19153
Personal name Remoroza, Dahlia S.
700 ## - ADDED ENTRY--PERSONAL NAME
9 (RLIN) 19154
Personal name Sarabia, Reah Mae C.
700 ## - ADDED ENTRY--PERSONAL NAME
9 (RLIN) 19155
Personal name Villagracia, Jean S.
942 ## - ADDED ENTRY ELEMENTS (KOHA)
Source of classification or shelving scheme Dewey Decimal Classification
Koha item type Undergraduate Thesis
Holdings
Withdrawn status Lost status Source of classification or shelving scheme Damaged status Not for loan Home library Current library Date acquired Total Checkouts Full call number Barcode Date last seen Price effective from Koha item type
    Dewey Decimal Classification     UM Digos College - LIC UM Digos College - LIC 11/07/2016   UT 0701 R28 2016 U 0701 03/09/2017 03/09/2017 Undergraduate Thesis